| 000 | 00715cam a2200193 i 4500 | ||
|---|---|---|---|
| 020 | _a0070844852 : | ||
| 082 | 0 | 0 |
_a355.006 _bDOW |
| 100 | 1 |
_aDowney, John C. T. _948620 |
|
| 245 | 1 | 0 |
_aManagement in the armed forces : _ban anatomy of the military profession / _cJ. C. T. Downey, with contributions by J. H. F. Eberle, M. C. Lanyon, D. C. Robinson. |
| 260 |
_aLondon ; _aNew York : _bMcGraw-Hill, _cc1977. |
||
| 300 |
_axiv, 221 p. : _bill. ; _c24 cm. |
||
| 526 |
_a0 _b0 _c0 _d355_006000000000000_DOW |
||
| 526 |
_a0 _b0 _c0 _d355_006000000000000_DOW |
||
| 650 | 0 |
_aArmed Forces. _938329 |
|
| 650 | 0 |
_aMCE _9379 |
|
| 650 | 0 |
_aMilitary administration. _948621 |
|
| 650 | 0 |
_aSociology, Military. _948622 |
|
| 942 |
_2ddc _cBK |
||
| 999 |
_c551493 _d551493 |
||